1763 1440 1697 1042 1818 1133 1745 1549 1580 1339 1981 1512 1449 1778 1018 1787 1722 1513 1857 1221 1206 1774 1444 1723 1774 1955 1626 1565 1609 1061 1695 1409 1074 1835 1478 1605 1411 1636 1702 1879 1421 1230 1300 1122 1138 1537 1031 1249 1869 1037 1139 1031 1021 1406 1025 1199 1118 1494 1225 1329 1800 1195 1813 1937 1528 1027 1616 1218 1726 1361 1909 1197 1991 1446 1307 1579 1641 1937 1218 1134 1847 1414 1221 1099 1256 1697 1021 1191 1585 1227 1412 1999 1581 1507 1809 1546 1804 1116 1592 BCNSPRNW ULIB Ver.6.0+V

เปลี่ยนเป็นภาษาไทย

Change to English
 แสดงรายละเอียดบรรณานุกรม
  กลับหน้าหลัก

Brief Record : Get Marc (ISO 2709) : E-mail record : QR code < ปิดหน้าต่าง
LEADER : 00000nam 2200000uu 4500
001    13399111732
003     ULIB
008    110707s2553||||th 000 0 tha d
020    9742554148
050  4 DS578^bบ125 2553
100 0  ขวัญแก้ว วัชโรทัย
245 00 บทความของนายขวัญแก้ว วัชโรทัย รองเลขาธิการพระราชวัง ฝ่ายกิจกรรมพิเศษ บรรยาเฉลิมพระเกียรติ ในปีพุทธศักราช 2533 ถึง 2552 /^cขวัญแก้ว วัชโรทัย
250    พิมพ์ครั้งที่ 1
260    กรุงเทพฯ :^bอมรินทร์พริ้นติ้ง แอนด์พับลิชชิ่ง จำกัด,^c2553
300    225 หน้า :^bภาพประกอบสี
650  7 สิริกิติ์ พระบรมราชินีนาถ, สมเด็จพระนางเจ้า, 2475-
945    ^p0^l0^i029169
995    ทศพร
999 ^a ใช้งานได้ทุกระบบ
รายการนี้ยังไม่มีแท็ก
คุณยังไม่ได้ล็อกอิน คุณสามารถมีกิจกรรมร่วมกับเว็บไซต์ได้ แต่ต้องล็อกอินก่อน ::
  ล็อกอิน

รายการสื่อสารสนเทศ

ลำดับที่ ประเภท เลขเรียก/บาร์โค้ด สถานที่ สถานะ
- ไม่พบข้อมูล -

BibComment


ยังไม่เคยถูกคอมเมนท์

คอมเมนท์ทรัพยากรรายการนี้
  คอมเมนท์: บทความของนายขวัญแ..


 Copyright 2026. Bcnsprnw @Library